History Quiz

Random History Quiz

US history Quiz Stats

 Plays Quiz not verified by Sporcle

Score 0/10 Timer 04:00
0 Plays Today
clues % Correct
leader of the Mormons who was murderedJoseph Smith
77.8%
which Marshall court case stated that Maryland could not tax the Bank of USMcCulloch v. Maryland
22.2%
who was known as the slick politician or a machine made candidateVan Buren
11.1%
first college to accept blacksOberlin college
11.1%
what system did Jackson detest but also used himselfthe Spoilt system
7.4%
this failed due to competition with democracyPerfectionism
3.7%
last resort for occupation for the blacksseamen
0%
the Urban mans protest took what formthe Working Mans Party
0%
declared unions un-AmericanJudge Ogden Edwards
0%
the name of the independent treasury ideathe Divorce Bill
0%

You're not logged in!

Compare scores with friends on all Sporcle quizzes.
OR
Log In

Show Comments

Extras

Created Oct 29, 2010ReportNominate

Top Quizzes Today


Score Distribution

Your Account Isn't Verified!

In order to create a playlist on Sporcle, you need to verify the email address you used during registration. Go to your Sporcle Settings to finish the process.

Report this User

Report this user for behavior that violates our Community Guidelines.

Details: